Kształty państw do góry nogami #4 - Statystyki

Ogólne statystyki
  • Ten quiz został rozwiązany 163 razy
  • Średni wynik to 11 z 14
Statystyki odpowiedzi
Obrazkowy Odpowiedź % Poprawnych
Chorwacja
98%
Francja
90%
Kuba
90%
Egipt
87%
Sri Lanka
85%
Szwajcaria
81%
Afganistan
78%
Panama
76%
Mozambik
74%
Malediwy
70%
Tunezja
69%
Nikaragua
60%
Wyspy Salomona
57%
Gwatemala
45%
Nie znaleziono quizów pasujących do podanych kryteriów
Rozkład punktacji
Procent ludzi z każdym wynikiem
Percentyl według liczby udzielonych odpowiedzi
Twoja historia wyników
Nie rozwiązałeś tego quizu